| 000 | 00408nam a22000857a 4500 | ||
|---|---|---|---|
| 999 |
_c24695 _d24695 |
||
| 003 | NUST | ||
| 005 | 20170607131736.0 | ||
| 008 | 140704b xxu||||| |||| 00| 0 eng d | ||
| 020 | _cAvailable | ||
| 040 |
_aDLC _bDLC _cRCMS |
||
| 082 | _a670 DEF | ||
| 100 |
_aDepartment of Defense _92150 |
||
| 245 |
_aMilitary Standard Department Program for Systems and Equipments Development and Production _cDepartment of Defense |
||
| 260 |
_aWashington,DC. _bDepartment of Defense _c28,MARCH,1969, |
||
| 300 |
_aVII,100,p: _bill: _c30,cm. |
||
| 538 | _iShelf No 1 Row No 3 | ||
| 650 |
_aMilitary Standard _92168 |
||
| 856 | _3Table of Content Only | ||
| 942 |
_2ddc _cBK |
||